Online
Catalog

La Inmigración esperada : (Record no. 41019)

MARC details
000 -CABECERA
campo de control de longitud fija 00832nam a2200205 a 4500
001 - NÚMERO DE CONTROL
campo de control 000041529
005 - FECHA Y HORA DE LA ÚLTIMA TRANSACCIÓN
campo de control 20201002035626.0
008 - DATOS DE LONGITUD FIJA--INFORMACIÓN GENERAL
campo de control de longitud fija 131009s2003 sp a 000 0 spa d
020 ## - NÚMERO INTERNACIONAL ESTÁNDAR DEL LIBRO
Número Internacional Estándar del Libro 8400081757
040 ## - FUENTE DE LA CATALOGACIÓN
Centro catalogador/agencia de origen DO-SdBNP
Lengua de catalogación spa
Centro/agencia transcriptor BNPHU
082 ## - NÚMERO DE LA CLASIFICACIÓN DECIMAL DEWEY
Número de clasificación xxx
Número de documento/Ítem G643i
100 1# - ENTRADA PRINCIPAL--NOMBRE DE PERSONA
Nombre de persona González Martínez, Elda Evangelina
9 (RLIN) 68255
245 13 - MENCIÓN DE TÍTULO
Título La Inmigración esperada :
Resto del título la política migratoria brasileña desde João VI hasta Getúlio Vargas /
Mención de responsabilidad, etc. Elda Evangelina González Martínez.
260 ## - PUBLICACIÓN, DISTRIBUCIÓN, ETC.
Lugar de publicación, distribución, etc. Madrid :
Nombre del editor, distribuidor, etc. Consejo Superior de Investigaciones Científicas,
Fecha de publicación, distribución, etc. 2003.
300 ## - DESCRIPCIÓN FÍSICA
Extensión 262 p. :
Otras características físicas il. ;
Dimensiones 24 cm.
490 1# - MENCIÓN DE SERIE
Mención de serie Biblioteca de historia de América
Designación de volumen o secuencia 28
500 ## - NOTA GENERAL
Nota general Incluye referencias bibliográficas y notas al pie de las páginas.
504 ## - NOTA DE BIBLIOGRAFÍA, ETC.
Nota de bibliografía, etc. Bibliografía: p. 231-247
830 #0 - PUNTO DE ACCESO ADICIONAL DE SERIE-TÍTULO UNIFORME
Título uniforme Biblioteca de historia de América
Número de parte o sección de la obra 28
9 (RLIN) 68256
Holdings
Estado de retiro Estado de pérdida Restricciones de uso No para préstamo Código de colección Localización permanente Ubicación/localización actual Ubicación en estantería Fecha de adquisición Número de inventario Total de préstamos Signatura topográfica completa Código de barras Fecha visto por última vez Precio válido a partir de Tipo de ítem Koha
        Monografías: Libros y Folletos General General Orden iniciada 09.10.2013 LF1   xxx G643i 41529-10 25.06.2020 25.06.2020 No se presta

Powered by Koha